000 00631cam a2200169 i 4500
005 20251214100729.0
008 250721s2015 ua gr 000 0 ara d
020 _a977253312x
082 1 4 _a216.53
_bح س ى
100 1 _aحسين، محمد
_eمؤلف.
245 1 2 _aالعشرة الطيبة مع الرجل ، مع المرأة ، مع الأولاد وتربيتهم /
_cمحمد حسين.
250 _aالطبعة الأولى.
264 3 1 _aالاسكندرية :
_bدار الدعوة للطبع والنشر والتوزيع،
_c2015.
300 _a431 صفحة.
942 _2ddc
_cBK
999 _c136065
_d136065